<?xml version="1.0" encoding="UTF-8"?>
<record
    xmlns:xsi="http://www.w3.org/2001/XMLSchema-instance"
    xsi:schemaLocation="http://www.loc.gov/MARC21/slim http://www.loc.gov/standards/marcxml/schema/MARC21slim.xsd"
    xmlns="http://www.loc.gov/MARC21/slim">

  <leader>03210nam a22003974a 4500</leader>
  <controlfield tag="001">ebr10296350</controlfield>
  <controlfield tag="003">CaPaEBR</controlfield>
  <controlfield tag="006">m        u        </controlfield>
  <controlfield tag="007">cr cn|||||||||</controlfield>
  <controlfield tag="008">080814s2009    njuaf   sb    001 0 eng  </controlfield>
  <datafield tag="010" ind1=" " ind2=" ">
    <subfield code="z">  2008036264</subfield>
  </datafield>
  <datafield tag="016" ind1="7" ind2=" ">
    <subfield code="z">101481529</subfield>
    <subfield code="2">DNLM</subfield>
  </datafield>
  <datafield tag="020" ind1=" " ind2=" ">
    <subfield code="z">9780470225554 (cloth)</subfield>
  </datafield>
  <datafield tag="020" ind1=" " ind2=" ">
    <subfield code="z">0470225556 (cloth)</subfield>
  </datafield>
  <datafield tag="040" ind1=" " ind2=" ">
    <subfield code="a">CaPaEBR</subfield>
    <subfield code="c">CaPaEBR</subfield>
  </datafield>
  <datafield tag="035" ind1=" " ind2=" ">
    <subfield code="a">(OCoLC)647763279</subfield>
  </datafield>
  <datafield tag="050" ind1="1" ind2="4">
    <subfield code="a">RS192</subfield>
    <subfield code="b">.D82 2009eb</subfield>
  </datafield>
  <datafield tag="082" ind1="0" ind2="4">
    <subfield code="a">615/.19</subfield>
    <subfield code="2">22</subfield>
  </datafield>
  <datafield tag="245" ind1="0" ind2="0">
    <subfield code="a">Drug efficacy, safety, and biologics discovery</subfield>
    <subfield code="h">[electronic resource] :</subfield>
    <subfield code="b">emerging technologies and tools /</subfield>
    <subfield code="c">[edited by] Sean Ekins, Jinghai J. Xu.</subfield>
  </datafield>
  <datafield tag="260" ind1=" " ind2=" ">
    <subfield code="a">Hoboken, N.J. :</subfield>
    <subfield code="b">John Wiley &amp; Sons,</subfield>
    <subfield code="c">c2009.</subfield>
  </datafield>
  <datafield tag="300" ind1=" " ind2=" ">
    <subfield code="a">xvi, 408 p., [16] p. of plates :</subfield>
    <subfield code="b">ill. (some col.).</subfield>
  </datafield>
  <datafield tag="490" ind1="1" ind2=" ">
    <subfield code="a">Wiley series on technologies for the pharmaceutical industry</subfield>
  </datafield>
  <datafield tag="504" ind1=" " ind2=" ">
    <subfield code="a">Includes bibliographical references and index.</subfield>
  </datafield>
  <datafield tag="505" ind1="0" ind2=" ">
    <subfield code="a">Focus on the fundamentals : toward better therapeutic index prediction / Jinghai J. Xu and Li J. Yu -- High-throughput protein-based technologies and computational models for drug development, efficacy, and toxicity / Leonidas G. Alexopoulos, Julio Saez Rodriguez, and Christopher W. Espelin -- Cellular systems biology applied to preclinical safety testing : a case study of CellCiphr profiling / Lawrence Vernetti ... [et al.] -- Systems pharmacology, biomarkers, and biomolecular networks / Aram S. Adourian ... [et al.] -- Zebrafish models for human diseases and drug discovery / Hanbing Zhong, Ning-Ai Liu, and Shuo Lin -- Toxicity pathways and models : mining for potential side effects / Sean Ekins and Josef Scheiber -- Computational systems biology modeling of dosimetry and cellular response pathways / Qiang Zhang ... [et al.] --</subfield>
  </datafield>
  <datafield tag="505" ind1="0" ind2=" ">
    <subfield code="a">Stem cell technology for embryotoxicity, cardiotoxicity, and hepatotoxicity evaluation / Julio C. Davila ... [et al.] -- Telemetry technology for preclinical drug discovery and development / Yi Yang --Nanotechnology to improve oral drug delivery / Mayank D. Bhavsar, Shardool Jain, and Mansoor M. Amiji -- Functional glycomics and the future of glycomic drugs / Ram Sasisekharan and Karthik Viswanathan -- Modeling efficacy and safety of engineered biologics / Jeffrey R. Chabot and Bruce Gomes -- Regulation of gene expression by small, non-coding RNAS : practical applications / Roman Herrara and Eric Tien -- Future perspectives of biological engineering in pharmaceutical research : the paradigm of modeling, mining, manipulation, and measurements / Jinghai J. Xu ... [et al.].</subfield>
  </datafield>
  <datafield tag="533" ind1=" " ind2=" ">
    <subfield code="a">Electronic reproduction.</subfield>
    <subfield code="b">Palo Alto, Calif. :</subfield>
    <subfield code="c">ebrary,</subfield>
    <subfield code="d">2013.</subfield>
    <subfield code="n">Available via World Wide Web.</subfield>
    <subfield code="n">Access may be limited to ebrary affiliated libraries.</subfield>
  </datafield>
  <datafield tag="650" ind1=" " ind2="0">
    <subfield code="a">Drug development</subfield>
    <subfield code="x">Technological innovations.</subfield>
  </datafield>
  <datafield tag="650" ind1=" " ind2="0">
    <subfield code="a">Pharmaceutical technology.</subfield>
  </datafield>
  <datafield tag="650" ind1=" " ind2="0">
    <subfield code="a">Biological products.</subfield>
  </datafield>
  <datafield tag="655" ind1=" " ind2="7">
    <subfield code="a">Electronic books.</subfield>
    <subfield code="2">local</subfield>
  </datafield>
  <datafield tag="700" ind1="1" ind2=" ">
    <subfield code="a">Ekins, Sean.</subfield>
  </datafield>
  <datafield tag="700" ind1="1" ind2=" ">
    <subfield code="a">Xu, Jinghai J.</subfield>
  </datafield>
  <datafield tag="710" ind1="2" ind2=" ">
    <subfield code="a">ebrary, Inc.</subfield>
  </datafield>
  <datafield tag="830" ind1=" " ind2="0">
    <subfield code="a">Wiley series on technologies for the pharmaceutical industry.</subfield>
  </datafield>
  <datafield tag="856" ind1="4" ind2="0">
    <subfield code="u">http://site.ebrary.com/lib/rucke/Doc?id=10296350</subfield>
    <subfield code="z">An electronic book accessible through the World Wide Web; click to view</subfield>
  </datafield>
  <datafield tag="999" ind1=" " ind2=" ">
    <subfield code="c">77311</subfield>
    <subfield code="d">77311</subfield>
  </datafield>
</record>
